000 00648cam a22002293a 4500
001 44461
003 PGUSA
005 20140828084020.0
008 131218s2013||||xxu|||||s|||||000 | eng d
040 _aPGUSA
_beng
042 _adc
100 1 _aHodgson, Randolph Ll.
245 1 0 _aWanderings through unknown Austria
_h[electronic resource] /
_cRandolph Ll. Hodgson
260 _bProject Gutenberg,
_c2013
506 _aPublic domain in the USA.
516 _aElectronic text
700 1 _aTaxis
700 1 _aThurn, Mary Princess of
830 0 _aProject Gutenberg
_v44461
856 4 0 _uhttp://www.gutenberg.org/ebooks/44461
942 _cEB
999 _c273712
_d273712